| 000 | 00337nam a2200121Ia 4500 | ||
|---|---|---|---|
| 005 | 20251222152014.0 | ||
| 008 | 251222s9999||||xx |||||||||||||| ||spa|| | ||
| 020 | _a84-922407-5-X | ||
| 082 | _a630.924.6/G23 | ||
| 100 | _a"García de la Santa y Casanueva, Tomás" | ||
| 245 | 0 | _aEl campesino manchego en tiempos de Cervantes | |
| 942 | _cLIB | ||
| 999 |
_c25019 _d25019 |
||